Tapping panel dryness in Hevea brasiliensis: Investigations on the gene transcripts from latex by suppression subtractive hybridization (Record no. 51856)

MARC details
000 -LEADER
fixed length control field 00747nam a2200229Ia 4500
100 ## - MAIN ENTRY--AUTHOR NAME
Personal name Sathik M.B.M.
245 #0 - TITLE STATEMENT
Title Tapping panel dryness in Hevea brasiliensis: Investigations on the gene transcripts from latex by suppression subtractive hybridization
260 ## - PUBLICATION, DISTRIBUTION, ETC. (IMPRINT)
Name of publisher Journal of Plantation Crops
Year of publication 2009
300 ## - PHYSICAL DESCRIPTION
Number of Pages 166-170
650 ## - SUBJECT ADDED ENTRY--TOPICAL TERM
Topical Term Differential gene expression
650 ## - SUBJECT ADDED ENTRY--TOPICAL TERM
Topical Term Hevea brasiliensis
650 ## - SUBJECT ADDED ENTRY--TOPICAL TERM
Topical Term Suppression subtractive hybridization
650 ## - SUBJECT ADDED ENTRY--TOPICAL TERM
Topical Term Tapping panel dryness
650 ## - SUBJECT ADDED ENTRY--TOPICAL TERM
Topical Term TPD-responsive transcripts
700 ## - ADDED ENTRY--PERSONAL NAME
Personal name Jacob J
700 ## - ADDED ENTRY--PERSONAL NAME
Personal name Jose Rani Mary
700 ## - ADDED ENTRY--PERSONAL NAME
Personal name Kochunni Deena T.
700 ## - ADDED ENTRY--PERSONAL NAME
Personal name Musthapha M.P.
700 ## - ADDED ENTRY--PERSONAL NAME
Personal name Thomas Molly
942 ## - ADDED ENTRY ELEMENTS (KOHA)
Koha item type Bibliography STAF
Holdings
Withdrawn status Lost status Damaged status Not for loan Home library Current library Date acquired Serial Enumeration / chronology Koha item type
      Bibliography RRII Library RRII Library 26/11/2009 Volume 37, Issue 2 Bibliography STAF